<?xml version="1.0" encoding="UTF-8"?>
<record
    xmlns:xsi="http://www.w3.org/2001/XMLSchema-instance"
    xsi:schemaLocation="http://www.loc.gov/MARC21/slim http://www.loc.gov/standards/marcxml/schema/MARC21slim.xsd"
    xmlns="http://www.loc.gov/MARC21/slim">

  <leader>01717    a2200217   4500</leader>
  <controlfield tag="001">63720</controlfield>
  <controlfield tag="005">20260407155935.0</controlfield>
  <controlfield tag="008">260407a2025    arg                 spa d</controlfield>
  <controlfield tag="003">AR-UNSa-BCEJYS</controlfield>
  <datafield tag="040" ind1=" " ind2=" ">
    <subfield code="a">AR-UNSa-BCEJYS</subfield>
    <subfield code="b">spa</subfield>
    <subfield code="c">AR-UNSa-BCEJYS</subfield>
  </datafield>
  <datafield tag="080" ind1=" " ind2=" ">
    <subfield code="a">159.922</subfield>
    <subfield code="x">Caracter&#xED;sticas de la vida mental. Consciencia. Desarrollo mental en los seres humanos. Psicolog&#xED;a diferencial. Psicolog&#xED;a gen&#xE9;tica. Psicolog&#xED;a del desarrollo</subfield>
  </datafield>
  <datafield tag="245" ind1="1" ind2="0">
    <subfield code="a">V&#xED;nculos patol&#xF3;gicos</subfield>
    <subfield code="p">Abordaje psicol&#xF3;gico y legal</subfield>
  </datafield>
  <datafield tag="264" ind1=" " ind2="1">
    <subfield code="a">Mendoza :</subfield>
    <subfield code="b">[s.e.]</subfield>
    <subfield code="c">2025</subfield>
  </datafield>
  <datafield tag="300" ind1=" " ind2=" ">
    <subfield code="a">180 p.</subfield>
    <subfield code="c">21 cm.</subfield>
  </datafield>
  <datafield tag="505" ind1=" " ind2=" ">
    <subfield code="a">1. Fundamentos te&#xF3;ricos del apego &#x2013; 2. John Bowlby &#x2013; 3. Mary Ainsworth &#x2013; 4. Mary Main &#x2013; 5. Judith Solomon &#x2013; 6. Peter Fonagy &#x2013; 7. Alan Sroufe &#x2013; 8. Inge Bretherton &#x2013; 9. Resultados de estudios y longitudes &#x2013; 10. La teor&#xED;a de las relaciones obj&#xE9;tales &#x2013; 11. El apego desorganizado &#x2013; 12. Los mecanismos de defensa &#x2013; 13. Influencia de las decisiones judiciales &#x2013; 14. Precedentes judiciales de apego &#x2013; 15. Conceptualizaci&#xF3;n del narcisismo &#x2013; 16. Teor&#xED;as psicoanal&#xED;ticas &#x2013; 17. Modelo trifurcado del narcisismo &#x2013; 18 El narcisismo en la ficci&#xF3;n &#x2013; 19. Diagn&#xF3;stico de trastorno narcisista de personalidad &#x2013; 20. Narcisista y psic&#xF3;patas &#x2013; 21. Estrategias para manejar relaciones con narcisistas &#x2013; 22. Tratamiento aplicable a los narcisistas &#x2013; 23. Problem&#xE1;tica judicial &#x2013; 24. Inventarios y escalas comunes para diagnosticar &#x2013; 25. Propuesta de pericia &#x2013;    </subfield>
  </datafield>
  <datafield tag="041" ind1=" " ind2=" ">
    <subfield code="a">spa</subfield>
  </datafield>
  <datafield tag="942" ind1=" " ind2=" ">
    <subfield code="c">BK</subfield>
  </datafield>
  <datafield tag="590" ind1=" " ind2=" ">
    <subfield code="a">niveau_biblio:m niveau_hierar:0</subfield>
  </datafield>
  <datafield tag="100" ind1="1" ind2=" ">
    <subfield code="a">Benaroya, Sergio Gustavo</subfield>
  </datafield>
  <datafield tag="856" ind1="4" ind2="1">
    <subfield code="u">https://www.biblioeco.unsa.edu.ar/pmb/images/libros/L129427.jpg</subfield>
    <subfield code="y">Imagen de portada</subfield>
    <subfield code="q">image/jpeg</subfield>
  </datafield>
  <datafield tag="999" ind1=" " ind2=" ">
    <subfield code="c">8280</subfield>
    <subfield code="d">8280</subfield>
  </datafield>
  <datafield tag="952" ind1=" " ind2=" ">
    <subfield code="0">0</subfield>
    <subfield code="1">0</subfield>
    <subfield code="4">0</subfield>
    <subfield code="7">0</subfield>
    <subfield code="a">BCEJYS</subfield>
    <subfield code="b">BCEJYS</subfield>
    <subfield code="c">16</subfield>
    <subfield code="d">2026-04-07</subfield>
    <subfield code="l">0</subfield>
    <subfield code="o">159.922 B456v</subfield>
    <subfield code="p">L129427</subfield>
    <subfield code="r">2026-04-07 15:59:35</subfield>
    <subfield code="w">2026-04-07</subfield>
    <subfield code="y">L</subfield>
  </datafield>
</record>
